[Event "CHI-ch sf"]
[Site "Santiago de Chile"]
[Date "2016.01.24"]
[Round "3"]
[White "Ojeda Calderara, Hector Fernando"]
[Black "Valenzuela Gomez, Fernando Alberto"]
[Result "0-1"]
[WhiteElo "2149"]
[BlackElo "2293"]
[PlyCount "54"]
[EventDate "2016.01.23"]
[EventType "swiss"]
[EventRounds "9"]
[EventCountry "CHI"]
[SourceTitle "EXT 2017"]
[Source "ChessBase"]
[SourceDate "2016.10.25"]
[SourceVersion "1"]
[SourceVersionDate "2016.10.25"]
[SourceQuality "1"]

1. d4 Nf6 2. c4 g6 3. Nc3 Bg7 4. e4 d6 5. Nf3 0-0 6. Be2 Na6 7. 0-0 e5 8. Be3 c6 9. dxe5 dxe5 10. h3 Nd7 11. Qd6 Re8 12. a3 Bf8 13. Qd2 Nac5 14. Qc2 a5 15. b4 axb4 16. axb4 Rxa1 17. Rxa1 Na6 18. b5 Nac5 19. Ra8 Ne6 20. Na4 Nec5 21. Nxc5 Nxc5 22. Nd2 h5 23. Nb3 Ne6 24. Qc3 Nf4 25. Bf1 Qd1 26. Ra2 Rd8 27. bxc6 Rd3 0-1

[Event "Serrano op 1st"]
[Site "Serrano"]
[Date "2015.09.23"]
[Round "4"]
[White "Poblete Rojas, Pablo"]
[Black "Ojeda Calderara, Hector Fernando"]
[Result "1-0"]
[WhiteElo "1977"]
[BlackElo "2178"]
[PlyCount "71"]
[EventDate "2015.09.07"]
[EventType "swiss"]
[EventRounds "7"]
[EventCountry "CHI"]
[SourceTitle "EXT 2017"]
[Source "ChessBase"]
[SourceDate "2016.10.25"]
[SourceVersion "1"]
[SourceVersionDate "2016.10.25"]
[SourceQuality "1"]

1. e4 c5 2. Nf3 Nc6 3. b3 d6 4. Bb5 Bd7 5. Bb2 a6 6. Bxc6 Bxc6 7. d3 e6 8. Nbd2 Ne7 9. Qe2 Ng6 10. g3 d5 11. h4 h5 12. Ng5 Qd7 13. f4 0-0-0 14. 0-0-0 f6 15. Ngf3 Be7 16. Rhe1 Rde8 17. Kb1 Bd8 18. d4 Bb5 19. c4 dxc4 20. Nxc4 Qc6 21. dxc5 Qxc5 22. Rc1 Kb8 23. Nd4 Bb6 24. Nxb6 Qxb6 25. Nxb5 axb5 26. Red1 Rc8 27. e5 Rxc1+ 28. Rxc1 f5 29. Qd2 Rd8 30. Qb4 Rd5 31. a4 Qe3 32. Qa5 Qe4+ 33. Ka1 bxa4 34. Qc7+ Ka7 35. Rc4 Rd1+ 36. Ka2 1-0

[Event "Serrano op 1st"]
[Site "Serrano"]
[Date "2015.09.07"]
[Round "1"]
[White "Ojeda Calderara, Hector Fernando"]
[Black "Bulgarini Torre, Marco"]
[Result "0-1"]
[WhiteElo "2178"]
[BlackElo "1910"]
[PlyCount "38"]
[EventDate "2015.09.07"]
[EventType "swiss"]
[EventRounds "7"]
[EventCountry "CHI"]
[SourceTitle "EXT 2017"]
[Source "ChessBase"]
[SourceDate "2016.10.25"]
[SourceVersion "1"]
[SourceVersionDate "2016.10.25"]
[SourceQuality "1"]

1. d4 Nf6 2. c4 e6 3. Nc3 c5 4. d5 exd5 5. cxd5 d6 6. e4 g6 7. f4 Bg7 8. Bb5+ Nfd7 9. a4 0-0 10. Nge2 Qh4+ 11. g3 Qe7 12. 0-0 Nf6 13. Qc2 Bh3 14. Re1 Na6 15. Bxa6 bxa6 16. Kh1 Rfe8 17. Ng1 Bf5 18. Qg2 Nxe4 19. Bd2 h5 0-1

[Event "San Luis zt 2.5"]
[Site "San Luis"]
[Date "2007.03.25"]
[Round "9"]
[White "Ojeda Calderara, Hector Fernando"]
[Black "Sampaoli, Cristian"]
[Result "0-1"]
[WhiteElo "2089"]
[BlackElo "2192"]
[PlyCount "79"]
[EventDate "2007.03.19"]
[EventType "swiss"]
[EventRounds "9"]
[EventCountry "ARG"]
[SourceTitle "CBM 117 Extra"]
[Source "ChessBase"]
[SourceDate "2007.05.09"]
[SourceVersion "1"]
[SourceVersionDate "2007.05.09"]
[SourceQuality "1"]

1. d4 d5 2. c4 e6 3. Nc3 c5 4. e3 Nc6 5. Nf3 Nf6 6. Be2 cxd4 7. exd4 Be7 8. 0-0 0-0 9. Re1 dxc4 10. Bxc4 b6 11. a3 Bb7 12. Be3 Rc8 13. Qe2 Rc7 14. Ne5 Na5 15. Bd3 Qa8 16. f3 a6 17. Bg5 Nb3 18. Qf2 Nxa1 19. Qh4 h5 20. Rxa1 Qd8 21. Ne2 g6 22. g4 Nd5 23. Bxe7 Qxe7 24. g5 Ne3 25. Qf4 Nf5 26. Kh1 Rd8 27. Rg1 Qd6 28. Bxf5 exf5 29. Rd1 Rc2 30. Ng3 Qd5 31. Nxf5 gxf5 32. Qxf5 Rc6 33. Rd3 Rc1+ 34. Kg2 Qe6 35. Qf4 Rc2+ 36. Kg3 Bc8 37. Qh4 Rd5 38. f4 Bb7 39. Qxh5 Rxe5 40. fxe5 0-1

[Event "San Luis zt 2.5"]
[Site "San Luis"]
[Date "2007.03.20"]
[Round "3"]
[White "Mac Donal, Oscar"]
[Black "Ojeda Calderara, Hector Fernando"]
[Result "1/2-1/2"]
[WhiteElo "2015"]
[BlackElo "2089"]
[PlyCount "45"]
[EventDate "2007.03.19"]
[EventType "swiss"]
[EventRounds "9"]
[EventCountry "ARG"]
[SourceTitle "CBM 117 Extra"]
[Source "ChessBase"]
[SourceDate "2007.05.09"]
[SourceVersion "1"]
[SourceVersionDate "2007.05.09"]
[SourceQuality "1"]

1. e4 e5 2. Nf3 Nf6 3. Nxe5 d6 4. Nf3 Nxe4 5. Qe2 Qe7 6. d3 Nf6 7. Bg5 Qxe2+ 8. Bxe2 Be7 9. 0-0 c6 10. Nbd2 Na6 11. d4 Nc7 12. Nc4 Ncd5 13. Rfe1 Be6 14. Ne3 h6 15. Nxd5 Nxd5 16. Bd2 0-0 17. c4 Nf6 18. Bd3 Rfe8 19. Bc3 Bg4 20. Nd2 Bf8 21. h3 Bd7 22. Ne4 Nxe4 23. Rxe4 1/2-1/2

[Event "San Luis zt 2.5"]
[Site "San Luis"]
[Date "2007.03.19"]
[Round "1"]
[White "Salas Arros, Cristian Eduardo"]
[Black "Ojeda Calderara, Hector Fernando"]
[Result "1-0"]
[WhiteElo "2418"]
[BlackElo "2089"]
[PlyCount "73"]
[EventDate "2007.03.19"]
[EventType "swiss"]
[EventRounds "9"]
[EventCountry "ARG"]
[SourceTitle "CBM 117 Extra"]
[Source "ChessBase"]
[SourceDate "2007.05.09"]
[SourceVersion "1"]
[SourceVersionDate "2007.05.09"]
[SourceQuality "1"]

1. d4 d5 2. c4 e6 3. Nc3 Nf6 4. Nf3 Be7 5. Bf4 0-0 6. e3 c6 7. h3 Nbd7 8. c5 Ne4 9. Nxe4 dxe4 10. Ne5 Nxe5 11. Bxe5 Qd5 12. Qc2 b6 13. Bc4 Qd8 14. 0-0 b5 15. Bb3 f5 16. a4 b4 17. a5 Bf6 18. Rfd1 Qe8 19. Qc4 Qg6 20. Bd6 Re8 21. Qxb4 Kh8 22. Ba4 f4 23. exf4 e5 24. dxe5 Bxh3 25. g3 e3 26. Ra3 e2 27. Re1 Bf1 28. Bxc6 Rac8 29. Bxe8 Qxe8 30. exf6 Qc6 31. fxg7+ Kxg7 32. Qd4+ Kf7 33. f3 Rg8 34. f5 h5 35. Re3 Rg4 36. Qh8 Qxd6 37. Qxh5+ 1-0

[Event "CHI-ch"]
[Site "Santiago de Chile"]
[Date "2004.02.14"]
[Round "6.12"]
[White "Velasquez Ojeda, Cesar"]
[Black "Ojeda Calderara, Hector Fernando"]
[Result "1/2-1/2"]
[WhiteElo "2359"]
[BlackElo "2114"]
[PlyCount "96"]
[EventDate "2004.02.09"]
[EventType "swiss"]
[EventRounds "11"]
[EventCountry "CHI"]
[SourceTitle "CBM 098 Extra"]
[Source "ChessBase"]
[SourceDate "2004.03.10"]
[SourceVersion "2"]
[SourceVersionDate "2004.03.10"]
[SourceQuality "1"]

1. e4 e5 2. Nf3 Nf6 3. Nc3 Bb4 4. Bc4 0-0 5. 0-0 Nc6 6. d3 Bxc3 7. bxc3 d5 8. exd5 Nxd5 9. Ng5 Na5 10. Bxd5 Qxd5 11. Ba3 c5 12. Qf3 Qxf3 13. Nxf3 e4 14. dxe4 Re8 15. Nd2 b6 16. f4 Ba6 17. Rf2 Rad8 18. Bc1 Nc4 19. e5 f6 20. exf6 Re1+ 21. Rf1 Rxf1+ 22. Nxf1 Rd1 23. Kf2 gxf6 24. g4 Kf7 25. Ng3 Na3 26. h4 Nxc2 27. Rb1 Ne1 28. Ne2 Bd3 29. Ra1 Nc2 30. Rb1 Nd4 31. cxd4 Bxb1 32. dxc5 bxc5 33. Be3 Bxa2 34. Nc3 Ra1 35. Bxc5 Bc4 36. f5 a5 37. Ke3 Rh1 38. Ne4 Bb3 39. h5 Rc1 40. Bd4 Rc6 41. g5 fxg5 42. Nxg5+ Kg8 43. Ne4 Rh6 44. Kf4 Bd1 45. Nf6+ Kf7 46. Kg5 Rxf6 47. Bxf6 Bxh5 48. Bc3 Bg6 1/2-1/2